000
00217nam a2200097Ia 4500
008
220204s9999 xx 000 0 und d
082
_a
82-3
_b
MAL
100
_a
Malgonkar, Manohar
245
0
_a
Line of Mars
942
_c
BK
999
_c
29574
_d
29574